Bolzano-bibliographia

Elmentve itt :
Bibliográfiai részletek
Szerző: Enyvvári Jenő
Adatforrás:Philobibl
Forrásdokumentuma:Athenaeum 1912/1
168-174. p.
Dokumentumtípus: Cikk
Nyelv:magyar
LEADER 00268nab a2200097 c 4500
001 bibDOK00013277
005 20200924120830.8
008 060518s1912 xx hun
100 1 |a Enyvvári Jenő 
245 1 0 |a Bolzano-bibliographia  |c Enyvvári Jenő 
773 0 |t Athenaeum 1912/1  |g 168-174. p.